The evolution of psychotherapy. best practices / CBT for depression & suicide :

This panel discussion, with Jon Carlson, Christine Padesky, Michael Yapko, and Michael Munion, compares and contrasts clinical and philosophical perspectives of experts as they discuss depression.

Bibliographic Details
Corporate Author: Milton H. Erickson Foundation
Other Authors: Padesky, Christine A. (Speaker)
Format: Video
Language:English
Language Notes:In English.
Published: Phoenix, AZ : Milton H. Erickson Foundation, 2013.
Series:Evolution of Psychotherapy
Subjects:
Online Access:Connect to this streaming video (Alexander Street Press)

MARC

Tag First Indicator Second Indicator Subfields
LEADER 00000cgm a2200000Mi 4500
001 in00005575475
006 m o c
007 cr |n||||||||a
007 vz |za|z|
008 151002s2013 azu059 e o vleng d
005 20241201232251.8
035 |a (OCoLC)ocn925860340 
040 |a ALSTP  |b eng  |e rda  |e pn  |c ALSTP  |d OCLCO  |d OCLCF  |d OCLCA  |d STF  |d OCLCQ  |d OCLCO  |d INT  |d OCLCQ  |d WYU  |d OCLCA  |d UPM  |d OCLCO  |d OCL  |d OCLCA  |d UAB  |d OCLCO 
019 |a 1373493779  |a 1430822544  |a 1444017179 
035 |a (OCoLC)925860340  |z (OCoLC)1373493779  |z (OCoLC)1430822544  |z (OCoLC)1444017179 
050 4 |a Internet Access  |b AEU 
049 |a TXAM 
245 0 4 |a The evolution of psychotherapy.  |p CBT for depression & suicide :  |b best practices /  |c Christine A. Padesky. 
246 3 |a Depression 
246 1 0 |a CBT for depression & suicide :  |b best practices 
264 1 |a Phoenix, AZ :  |b Milton H. Erickson Foundation,  |c 2013. 
300 |a 1 online resource (59 min.) 
306 |a 005857 
336 |a two-dimensional moving image  |b tdi  |2 rdacontent 
337 |a video  |b v  |2 rdamedia 
337 |a computer  |b c  |2 rdamedia 
338 |a other  |b vz  |2 rdacarrier 
338 |a online resource  |b cr  |2 rdacarrier 
344 |a digital  |2 rda 
347 |a data file  |2 rda 
380 |a Videorecording 
490 0 |a Evolution of Psychotherapy 
500 |a Title from resource description page (viewed October 02, 2015). 
520 |a This panel discussion, with Jon Carlson, Christine Padesky, Michael Yapko, and Michael Munion, compares and contrasts clinical and philosophical perspectives of experts as they discuss depression. 
546 |a In English. 
650 0 |a Counseling psychology. 
650 0 |a Depression, Mental. 
650 6 |a Psychologie du counseling. 
650 6 |a Dépression. 
650 7 |a Counseling psychology.  |2 fast  |0 (OCoLC)fst01740078 
650 7 |a Depression, Mental.  |2 fast  |0 (OCoLC)fst00890931 
655 4 |a Online media. 
655 7 |a Lectures.  |2 fast  |0 (OCoLC)fst01919935 
655 7 |a Panel discussions.  |2 fast  |0 (OCoLC)fst01941342 
655 7 |a Nonfiction films.  |2 fast  |0 (OCoLC)fst01710269 
655 7 |a Panel discussions.  |2 lcgft 
655 7 |a Nonfiction films.  |2 lcgft 
655 7 |a Panels.  |2 rvmgf 
655 7 |a Films autres que de fiction.  |2 rvmgf 
700 1 |a Padesky, Christine A.,  |e speaker. 
700 1 |a Munion, W. Michael,  |e panelist. 
700 1 |a Yapko, Michael D.,  |e panelist. 
700 1 |a Carlson, Jon,  |e panelist. 
710 2 |a Milton H. Erickson Foundation. 
856 4 0 |u http://proxy.library.tamu.edu/login?url=https://www.aspresolver.com/aspresolver.asp?AVN2;2542083  |z Connect to this streaming video (Alexander Street Press)  |t 0 
955 |a Alexander Street Press subscription streaming video 
994 |a 92  |b TXA 
999 f f |s 6b667a89-56aa-474e-8a38-177d9d89e8cc  |i 95d525cc-5406-4c97-a5e2-d22b7e416d4b  |t 0 
952 f f |a Texas A&M University  |b College Station  |c Electronic Resources  |d Available Online  |t 0  |e Internet Access AEU  |h Library of Congress classification 
998 f f |a Internet Access AEU  |t 0  |l Available Online